| 000 | 00514pam a22001934a 4500 | ||
|---|---|---|---|
| 020 | _a0697295664 | ||
| 040 | _cDLC | ||
| 082 | _a613 MCG 2000 A050 Or. | ||
| 100 | 1 | _aCorbin, Charles B. | |
| 245 | 1 | 0 |
_aConcepts of fitness and wellness : _ba comprehensive lifestyle approach / |
| 250 | _a3rd ed | ||
| 260 |
_aBoston : _bMcGraw-Hill, _c2000 |
||
| 300 |
_axvi, 482 p. : _bill. ; _c29 cm |
||
| 650 | 0 | _aExercise. | |
| 650 | 0 | _aPhysical fitness | |
| 700 | 1 | _aLindsey, Ruth, | |
| 700 | 1 | _aWelk, Greg. | |
| 942 | _cEK | ||
| 999 |
_c14106 _d14106 |
||